[Event "CZE Extraliga 2019-20"]
[Site "Czech Republic"]
[Date "2019.12.01"]
[Round "4.8"]
[White "Kulhanek, Tomas"]
[Black "Liska, Jiri"]
[Result "0-1"]
[WhiteElo "2343"]
[BlackElo "2302"]
[Annotator "TA"]
[PlyCount "120"]
[EventDate "2019.09.15"]
[EventType "team-tourn"]
[EventCountry "CZE"]
[SourceTitle "playchess.com"]
[Source "ChessBase"]
[SourceQuality "1"]
[WhiteTeam " Praha"]
[BlackTeam "Turnov"]

{[%evp 12,120,40,24,27,25,31,0,12,1,41,-3,0,-39,-45,-46,-50,-90,-91,-84,-79,-81,-79,-237,-235,-229,-24,-94,-57,-131,-105,-116,-111,-102,-102,-172,-173,-170,-172,-160,-167,-157,-155,-153,-156,-163,-162,-146,-91,-95,-92,-126,-141,-141,-85,-126,-95,-88,-88,-90,-84,-128,-128,-224,-214,-268,-284,-526,-515,-516,-501,-496,-450,-496,-529,-693,-693,-610,-450,-412,-523,-506,-501,-393,-404,-397,-391,-656,-625,-610,-577,-678,-666,-672,-633,-935,-889,-1711,-1697,-2321,-2220,-1997,-1885,-2753,-1738,-1738,-1712,-2056,-1541,-12844,-12844]} 1. e4 c5 2. Nc3 Nc6 3. Bb5 g6 4. Bxc6 dxc6 5. d3 Bg7 6. Be3 b6 7. Qd2 e5 {B23: Closed Sicilian: Lines without g3} 8. h3 h6 9. Nf3 Qc7 {The position is equal.} 10. O-O Nf6 11. Nh2 Nh5 12. Ne2 Be6 13. g4 $146 ({Predecessor:} 13. b4 cxb4 14. Qxb4 Nf4 15. Rfe1 Bd7 {0-1 (68) Visakh,N (2509)-Adly,A (2611) Dubai 2019}) 13... Nf4 14. Nxf4 exf4 15. Bxf4 Qd7 $1 16. e5 h5 {[%cal Rh5g4]} 17. Qc3 $2 (17. Qe3 $17) 17... hxg4 $19 18. hxg4 Qe7 $2 ({Better is} 18... Bxg4 $19 19. e6 fxe6) 19. f3 (19. d4 $11) 19... Bd5 {[%mdl 1024] Black has strong compensation.} 20. a3 (20. Qd2 $15) 20... g5 21. Bg3 Rh3 $36 {[%mdl 2048] Keeping White busy.} 22. Qe1 O-O-O 23. Kg2 (23. c4 $17 Be6 24. Kg2) 23... Rdh8 24. c4 {[#]} Rxg3+ $1 {[%mdl 576] Remove Defender} 25. Qxg3 Bxe5 {[%mdl 64] Double Attack} 26. Rfe1 Bxg3 {[%mdl 64] Discovered Attack} 27. Rxe7 Bd6 28. cxd5 Bxe7 29. dxc6 $17 {[%mdl 4096] Endgame KRB-KRN} Bd6 (29... Bf6 $142 30. Ra2 Kc7) 30. Nf1 Kc7 31. Re1 Kxc6 32. a4 a6 (32... Rd8 $142 33. Kf2 Bc7) 33. Ng3 Kd5 34. Re4 b5 35. b3 Be5 36. Nf1 f6 37. Ne3+ (37. Kf2 $17 {was called for.}) 37... Kc6 $19 38. axb5+ axb5 39. b4 $2 (39. Kf2) 39... Rh2+ 40. Kf1 Rd2 41. Nf5 Rxd3 42. Ke2 c4 43. Ne7+ Kd7 44. Nf5 Ke6 45. Re3 Rd7 46. Ra3 c3 47. Ra6+ Kf7 48. Ra2 Rc7 {White must now prevent ...c2.} 49. Kd3 $2 (49. Ne3 Bd6 50. Rc2) 49... Rc4 {Black is clearly winning.} 50. Ra7+ {[#]} Ke8 $1 {Threatens to win with ...c2.} 51. Kc2 Rxb4 52. Ra8+ Kd7 53. Ra7+ Kc6 54. Ne7+ Kc5 55. Ra6 Rb2+ 56. Kd3 Rd2+ 57. Ke3 Bf4+ 58. Ke4 c2 {Hoping for ...Re2+.} 59. Rc6+ Kb4 60. Nd5+ {[#]} Rxd5 $1 {Accuracy: White = 28%, Black = 66%.} 0-1

[Event "CZE Extraliga 2019-20"]
[Site "Czech Republic"]
[Date "2019.12.01"]
[Round "4.8"]
[White "Vesselovsky, Serguei"]
[Black "Caletka, Radomir"]
[Result "1/2-1/2"]
[WhiteElo "2306"]
[BlackElo "2305"]
[Annotator "TA"]
[PlyCount "25"]
[EventDate "2019.09.15"]
[EventType "team-tourn"]
[EventCountry "CZE"]
[SourceTitle "playchess.com"]
[Source "ChessBase"]
[SourceQuality "1"]
[WhiteTeam "Frydek-Mistek"]
[BlackTeam "Poruba "]

{[%evp 9,25,34,45,33,29,18,29,17,30,30,30,27,33,-12,-4,-9,0,-6]} 1. e4 c5 2. Nc3 e6 3. g3 Nc6 4. Bg2 a6 5. Nge2 b5 6. O-O {B23: Closed Sicilian: Lines without g3} Bb7 7. d4 cxd4 8. Nxd4 {White has an edge.} Nxd4 9. Qxd4 Ne7 10. a4 (10. Bf4 f6 11. Bd6 Nc6 12. Qc5 Bxd6 13. Qxd6 Rc8 14. Rad1 {0-1 (28) Guseinov,G (2654)-Grachev,B (2621) Riga 2019}) 10... Nc6 11. Qd2 $146 ({Predecessor:} 11. Qe3 b4 12. Nd5 Qa5 13. Rd1 Bc5 14. Qg5 h6 15. Qxg7 {½-½ (47) Orlov,A (2501)-Sandalakis,A (2341) Paleochora 2008}) 11... b4 12. Nd5 Bc5 13. Nf4 1/2-1/2

[Event "CZE Extraliga 2019-20"]
[Site "Czech Republic"]
[Date "2019.12.01"]
[Round "4.8"]
[White "Hollan, Petr"]
[Black "Walek, Petr"]
[Result "1-0"]
[WhiteElo "2301"]
[BlackElo "2263"]
[Annotator "NA"]
[PlyCount "85"]
[EventDate "2019.09.15"]
[EventType "team-tourn"]
[EventCountry "CZE"]
[SourceTitle "playchess.com"]
[Source "ChessBase"]
[SourceQuality "1"]
[WhiteTeam "Kromeriz "]
[BlackTeam "Ostrava"]
[TimeControl "40/5400+30:1800+30"]

1. e4 {[%emt 0:00:00]} c5 {[%emt 0:00:00]} 2. Nf3 {[%emt 0:00:32]} g6 {[%emt 0:00:00]} 3. d4 {[%emt 0:00:11]} cxd4 {[%emt 0:00:00]} 4. Nxd4 {[%emt 0:00:05]} Bg7 {[%emt 0:00:07]} 5. Nc3 {[%emt 0:00:10]} Nc6 {[%emt 0:00:10]} 6. Be3 {[%emt 0:00:05]} Nf6 {[%emt 0:00:28]} 7. Bc4 {[%emt 0:00:05]} d6 {[%emt 0:02:20]} 8. f3 {[%emt 0:00:38]} O-O {[%emt 0:00:26]} 9. Qd2 {[%emt 0:00:24]} Bd7 {[%emt 0:00:09]} 10. O-O-O {[%emt 0:01:23]} Rb8 {[%emt 0:00:18]} 11. Bb3 {[%emt 0:00:11]} Na5 {[%emt 0:00:47]} 12. Kb1 {[%emt 0:01:44]} b5 {[%emt 0:00:38]} 13. h4 {[%emt 0:01:09]} Nc4 {[%emt 0:01:43]} 14. Bxc4 {[%emt 0:00:07]} bxc4 {[%emt 0:00:05]} 15. h5 {[%emt 0:00:28]} Qb6 {[%emt 0:08:15]} 16. b3 {[%emt 0:00:10]} Qb4 {[%emt 0:30:31]} 17. Bg5 {[%emt 0:00:10]} e6 {[%emt 0:01:41]} 18. Nde2 {[%emt 0:46:51]} cxb3 {[%emt 0:16:58]} 19. cxb3 {[%emt 0:00:57]} d5 {[%emt 0:03:44]} 20. e5 {[%emt 0:08:37]} Nxh5 {[%emt 0:06:25]} 21. g4 {[%emt 0:07:44]} Bxe5 {[%emt 0:03:09]} 22. gxh5 {[%emt 0:00:26]} Rfc8 {[%emt 0:00:41]} 23. hxg6 {[%emt 0:08:13]} hxg6 {[%emt 0:06:23]} 24. Ne4 {[%emt 0:10:19]} dxe4 {[%emt 0:03:34]} 25. Qxb4 {[%emt 0:01:26]} Rxb4 {[%emt 0:00:13]} 26. Rxd7 {[%emt 0:00:28]} exf3 {[%emt 0:00:41]} 27. Ng1 {[%emt 0:00:43]} f2 {[%emt 0:02:23]} 28. Nh3 {[%emt 0:00:53]} Rg4 {[%emt 0:07:11]} 29. Be3 {[%emt 0:04:16]} a5 {[%emt 0:04:51]} 30. Nxf2 {[%emt 0:01:32]} Rg2 {[%emt 0:00:13]} 31. Rd2 {[%emt 0:03:25]} Bg7 {[%emt 0:00:40]} 32. Ne4 {[%emt 0:00:57]} Rg4 {[%emt 0:00:08]} 33. Nd6 {[%emt 0:01:33]} Rf8 {[%emt 0:00:31]} 34. Rg1 {[%emt 0:00:30]} Rxg1+ {[%emt 0:00:52]} 35. Bxg1 {[%emt 0:00:01]} g5 {[%emt 0:00:16]} 36. Bb6 {[%emt 0:00:54]} Ra8 {[%emt 0:00:56]} 37. Nc4 {[%emt 0:00:32]} Kh7 {[%emt 0:00:30]} 38. Bxa5 {[%emt 0:00:13]} f5 {[%emt 0:00:28]} 39. Bc7 {[%emt 0:00:25]} f4 {[%emt 0:00:31]} 40. Rg2 {[%emt 0:00:39]} Kh6 {[%emt 0:00:32]} 41. Re2 {[%emt 0:02:12]} Re8 {[%emt 0:05:12]} 42. Nd6 {[%emt 0:00:51]} f3 {[%emt 0:01:01]} 43. Rh2+ {[%emt 0:01:53]} 1-0